Τροποποιήσεις στο καταστατικό του Κομμουνιστιού Κόμματος (Μπολσεβίκων) της ΕΣΣΔ : εισήγηση του σ. Ν. Σ. Χρουστσιόφ : καταστατικό του Κομμουνιστικού Κόμματος της Σοβιετικής Ένωσης.

Αποθηκεύτηκε σε:
Λεπτομέρειες βιβλιογραφικής εγγραφής
Μορφή: Βιβλίο
Γλώσσα:Greek
Russian
Δημοσίευση: [χ.τ.] : Εκδοτικό της ΚΕ του ΚΚΕ, 1952.
Θέματα:
Ετικέτες: Προσθήκη ετικέτας
Δεν υπάρχουν, Καταχωρήστε ετικέτα πρώτοι!

MARC

LEADER 00000cam a2200000 a 4500
001 1/114233
008 170602s1952####xx | ||| |||| ||gre||
040 |a GR-MyUa  |b gre  |c GR-MyUa  |e AACR2 
041 0 |a gre  |h rus 
082 7 |a 320.532   |2 (23) 
245 0 0 |a Τροποποιήσεις στο καταστατικό του Κομμουνιστιού Κόμματος (Μπολσεβίκων) της ΕΣΣΔ :   |b εισήγηση του σ. Ν. Σ. Χρουστσιόφ : καταστατικό του Κομμουνιστικού Κόμματος της Σοβιετικής Ένωσης.  
260 |a [χ.τ.] :   |b Εκδοτικό της ΚΕ του ΚΚΕ,   |c 1952.  
300 |a 61 σ. ;   |c 21 εκ.  
500 |a 19ο συνέδριο του ΚΚ (Μπ.) της ΕΣΣΔ.  
506 1 |a Μόνο για ανάγνωση. Βρίσκεται σε ειδικό ράφι. Διαθέσιμο εάν ζητηθεί.  
650 0 |a Communism  |x History. 
650 0 |a Communist parties  |x History. 
650 0 |a Communism  |z Soviet Union  |x History. 
852 |a INST  |b LESVOS  |e 20170602  |h 320.532 ΤΡΟ  |p 005100059545  |q 005100059545  |t BK  |y 0 
970 |a Τζαφέρη  |b Ευαγγελία  |z 02-06-2017